| 000 | 01814nam0a22004691 4500 | ||
|---|---|---|---|
| 001 | RU\NLR\A1SV\57433 | ||
| 005 | 20251203171251.9 | ||
| 035 | _a(NLR Aleph) 009739389 | ||
| 090 |
_a9938378 _c9938378 |
||
| 100 | _a20070525d1925 u y0rusy50 ca | ||
| 101 | 0 | _arus | |
| 102 | _aRU | ||
| 200 | 1 |
_aКарл Либкнехт _eЕго жизнь и борьба _e[Сб.] |
|
| 205 | _a2-е изд. | ||
| 210 |
_aМ. _aЛ. _cМол. гвардия _d1925 |
||
| 215 |
_a85 с., 2 л. портр. _cил. _d22 см |
||
| 327 | 0 |
_aАвт. ст.: Г.Шуман, Н.Бухарин, Л.Троцкий, К.Радек _aРечи, ст. и письма К.Либкнехта |
|
| 451 | 0 |
_1001RU\NLR\A1SV\57432 _99938374 _cМ. _d1923 _fСб. под ред. Вл.Мирошевского _nМол. гвардия _oЕго жизнь и борьба _p80 с., 1 л. ил. _tКарл Либкнехт |
|
| 517 | 9 | _aЛибкнехт Карл | |
| 600 | 1 |
_aЛибкнехт _bК. _f1871-1919 _gКарл |
|
| 620 | _dМосква | ||
| 620 | _dСанкт-Петербург | ||
| 702 | 1 |
_aШуман _bГ. |
|
| 702 | 1 |
_aБухарин _bН.И. _f1888-1938 _gНиколай Иванович |
|
| 702 | 1 |
_aТроцкий _bЛ.Д. _f1879-1940 _gЛев Давыдович |
|
| 702 | 1 |
_4570 _aРадек _bК. Б. _cпартийный деятель, журналист _f1885-1939 _gКарл Бернгардович _9141316 _3RU\NLR\AUTH\770141352 |
|
| 801 | 0 |
_aRU _bNLR _c20070525 |
|
| 852 |
_aNLR _j40.17.7.472 |
||
| 852 |
_aNLR _j40.17.7.472а |
||
| 899 | _aАОНБ | ||
| 899 | _aГПИБ | ||
| 899 | _aСОУНБ | ||
| 899 | _aНБУВ | ||
| 899 | _aСамОУНБ | ||
| 899 | _aАОНБ | ||
| 899 | _aРГБ | ||
| 899 | _aНБ Бел. | ||
| 899 | _aКирОУНБ | ||
| 942 | _cBOOK | ||
| 980 | _aNB | ||
| 980 | _aA1SV | ||